LEADER 01313nam a2200301 u 4500 001 000000005734 003 CaOOAMICUS 005 20070226104808.0 008 940514s1973 it u000 u ita u 035 $a10146186 040 $aPUL(R)$bita 100 1 $aRaschini, Maria Adelaide.$0(OLS)http://pul/name/5649 245 10$aDa Bacone a Kant /$cMaria A. Raschini. 260 $aMilano :$bMarzorati,$c1973. 300 $axi, 622 p. ;$c24 cm 490 1 $aStoria del pensiero occidentale ;$v4 504 $aIncludes bibliographies and index. 600 14$aBacon, Francis,$d1561-1626$xFilosofia.$0(OLS)http://pul/subject/36830 600 10$aKant, Immanuel,$d1724-1804$xPhilosophy.$2//eng$0(OLS)http://pul/subject/5209 650 0$aPhilosophy, Modern$y17th century.$2//eng$0(OLS)http://pul/subject/5210 650 0$aPhilosophy, Modern$y18th century.$2//eng$0(OLS)http://pul/subject/5211 830 0$aStoria del pensiero occidentale ;$v4.$0(OLS)http://pul/title/8411 850 $aPUL 852 $aPUL$W1$xDP1 Fondo Giannini$y60$m1553 C 11$j8042$nBK-PRI$b $qFondi$B8042$CPULBib$Z2$F8042 $H $81 941 1 $a1 961 $aINV: F. Giannini 996 $6245$aDa Bacone a Kant$9(OLS)http://pul/title/8412 996 $6260$aMilano :$bMarzorati$9(OLS)http://pul/publisher/49236 LEADER 01932nam a2200349 a 4500 001 000000176648 003 CaOOAMICUS 005 20240215150902.0 008 240215s2019 it u000 u ita r 020 $a978-88-382-4831-3* 032 $aLibriCat 040 $aPUL$bita 082 14$a327.45 245 00$aAttilio Nicora pastore e diplomatico : "sana cooperatio" tra Stato e Chiesa : $bAtti del convegno, Roma, Palazzo della Cancelleria, Sala del Vasari, 25 ottobre 2018 / $cCarlo Cardia, Giuseppe Dalla Torre (edd.) 260 $aRoma :$bEdizioni Studium,$c©2019. 300 $a231 p. ;$c21 cm 490 1 $aLUMSA Universitą. Scuola di Alta Formazione in diritto canonico ecclesiastico e vaticano ;$v03 490 1 $aCultura ;$v175 504 $aBibliografia in nota a pič pagina. 610 14$aSanta Sede$xRelazioni internazionali.$0(OLS)http://pul/subject/34439 650 4$aChiesa e stato$zItalia.$0(OLS)http://pul/subject/1175 830 0$aScuola di Alta Formazione in diritto canonico ecclesiastico e vaticano ;$v04.$0(OLS)http://pul/title/197910 830 0$aCultura (Studium) ;$v175.$0(OLS)http://pul/title/192291 850 $aPUL 852 $aPUL$W1$xSL Diritto e Scienze Sociali 3$y79$m327. 45 CARCA 1$j200649$qDDC 21$B205602$CPULBib$Z2$F205602 $H136839 $82 941 1 $a9 983 0$aCollana di scienze giuridiche e sociali.$pScuola di Alta Formazione in Diritto Canonico, Ecclesiastico e Vaticano. LUMSA Universitą. 996 $6020$a978-88-382-4831-3*$9(OLS)http://pul/number/169558 996 $6082$a327.45$9(OLS)http://pul/classification/704 996 $6245$aAttilio Nicora pastore e diplomatico : "sana cooperatio" tra Stato e Chiesa : $bAtti del convegno, Roma, Palazzo della Cancelleria, Sala del Vasari, 25 ottobre 2018 / $9(OLS)http://pul/title/218131 996 $6260$aRoma :$bEdizioni Studium$9(OLS)http://pul/publisher/49092